YSZ керамика с европием: катодолюминесценция; Перспективы развития фундаментальных наук; Т. 1 : Физика

Detaylı Bibliyografya
Parent link:Перспективы развития фундаментальных наук=Prospects of Fundamental Sciences Development: сборник научных трудов XVI Международной конференции студентов, аспирантов и молодых ученых, г. Томск, 23-26 апреля 2019 г./ Национальный исследовательский Томский политехнический университет (ТПУ) ; под ред. И. А. Курзиной, Г. А. Вороновой.— , 2019
Т. 1 : Физика.— 2019.— [С. 403-405]
Yazar: Шрайбер А. М.
Müşterek Yazar: Национальный исследовательский Томский политехнический университет Инженерная школа новых производственных технологий Отделение материаловедения
Diğer Yazarlar: Степанов С. А. Сергей Александрович (научный руководитель)
Özet:Заглавие с экрана
In this work, we investigated the luminescent properties of yttrium stabilized zirconia ceramics (YSZ) doped with Eu. The polycrystalline YSZ ceramics from nanopowder was consolidated by SPS technique. The integrated cathodoluminescence spectra and decay kinetics were investigated with the pulsed optical spectrometer based on a high-current electron accelerator GIN- 600 (Еex=0.25 MeV, FWHM=15 ns, W=23 mJ/cm2) and AvaSpec-2048 fiber spectrometer. Nature of luminescent centers and mechanisms of luminescence are discussed.
Dil:Rusça
Baskı/Yayın Bilgisi: 2019
Konular:
Online Erişim:http://earchive.tpu.ru/handle/11683/55878
Materyal Türü: Elektronik Kitap Bölümü
KOHA link:https://koha.lib.tpu.ru/cgi-bin/koha/opac-detail.pl?biblionumber=629730

MARC

LEADER 00000naa2a2200000 4500
001 629730
005 20231101133557.0
035 |a (RuTPU)RU\TPU\conf\30486 
035 |a RU\TPU\conf\30485 
090 |a 629730 
100 |a 20190906d2019 k y0rusy50 ca 
101 0 |a rus  |d eng 
102 |a RU 
105 |a y z 100zy 
135 |a drcn ---uucaa 
181 0 |a i  
182 0 |a b 
200 1 |a YSZ керамика с европием: катодолюминесценция  |d YSZ ceramics with europium: cathodoluminescence  |f А. М. Шрайбер  |g науч. рук. С. А. Степанов 
203 |a Текст  |c электронный 
230 |a 1 компьютерный файл (pdf; 455 Kb) 
300 |a Заглавие с экрана 
320 |a [Библиогр.: с. 405 (5 назв.)] 
330 |a In this work, we investigated the luminescent properties of yttrium stabilized zirconia ceramics (YSZ) doped with Eu. The polycrystalline YSZ ceramics from nanopowder was consolidated by SPS technique. The integrated cathodoluminescence spectra and decay kinetics were investigated with the pulsed optical spectrometer based on a high-current electron accelerator GIN- 600 (Еex=0.25 MeV, FWHM=15 ns, W=23 mJ/cm2) and AvaSpec-2048 fiber spectrometer. Nature of luminescent centers and mechanisms of luminescence are discussed. 
461 1 |0 (RuTPU)RU\TPU\conf\30347  |t Перспективы развития фундаментальных наук  |l Prospects of Fundamental Sciences Development  |o сборник научных трудов XVI Международной конференции студентов, аспирантов и молодых ученых, г. Томск, 23-26 апреля 2019 г.  |o в 7 т.  |f Национальный исследовательский Томский политехнический университет (ТПУ) ; под ред. И. А. Курзиной, Г. А. Вороновой  |d 2019 
463 1 |0 (RuTPU)RU\TPU\conf\30348  |t Т. 1 : Физика  |v [С. 403-405]  |d 2019 
510 1 |a YSZ ceramics with europium: cathodoluminescence  |z eng 
610 1 |a электронный ресурс 
610 1 |a труды учёных ТПУ 
610 1 |a керамика 
610 1 |a европий 
610 1 |a катодолюминесценция 
610 1 |a спарк-плазменное спекание 
610 1 |a ускорители электронов 
700 1 |a Шрайбер  |b А. М. 
702 1 |a Степанов  |b С. А.  |c специалист в области светотехники  |c инженер Томского политехнического университета  |f 1986-  |g Сергей Александрович  |2 stltpush  |4 727 
712 0 2 |a Национальный исследовательский Томский политехнический университет  |b Инженерная школа новых производственных технологий  |b Отделение материаловедения  |h 7871  |2 stltpush  |3 (RuTPU)RU\TPU\col\23508 
801 2 |a RU  |b 63413507  |c 20190925  |g RCR 
856 4 |u http://earchive.tpu.ru/handle/11683/55878 
942 |c BK